000 00483nam a2200169Ia 4500
999 _c30530
_d30530
003 OSt
005 20200729122147.0
008 190216s9999||||xx |||||||||||||| ||und||
040 _coclc
082 _a515
_bRUD/R
100 _aRudin, Walter
_93732
245 0 _aReal And Complex Analysis /
_c Walter Rudin
260 _bTata Mcgrawhill Publishers,
_c1966.
_aNew Delhi:
300 _a410p
650 _aMathematics
942 _cBK
_2ddc
_h515
_iRUD/R
_k515
_mRUD/R